000 00840pam a2200289 i 4500
999 _c6083
_d6083
001 019835379
003 Uk
005 20260205135234.0
008 200513s2020 enk j 000|1|eng|d
020 _a9781787417410 (pbk.)
040 _aStDuBDS
_beng
_cStDuBDS
_dUk
_dKH8
_erda
042 _aukblcatcopy
082 _aFIC CHI
100 1 _aStrange, Vera,
_eauthor.
245 1 0 _aSecond star to the fright /
_cwritten by Vera Strange.
264 1 _aDorking :
_bStudio Press,
_c2020.
300 _a249 pages ;
_c20 cm.
336 _atext
_2rdacontent
337 _aunmediated
_2rdamedia
338 _avolume
_2rdacarrier
490 0 _aDisney chills
500 _aFormerly CIP.
_5Uk
600 1 0 _aHook,
_cCaptain (Fictitious character)
_vJuvenile fiction.
655 0 _aHorror tales.
655 0 _aChildren's stories.
942 _2ddc
_cFIC